000 00486nam a2200133 4500
999 _c11271
_d11271
008 181112b ||||| |||| 00| 0 eng d
082 _aDPer 050 T48 Apr - June 2016, v. 187 n. 12-24
100 _932460
_aMcDonald-Gibson, Charlotte.
245 _aTerror overshadows life in the capital of Europe/
_cCharlotte McDonald- Gibson.
260 _aHong Kong;
_bTime Asia,
_cc2016.
300 _av187 n12, page 16:
_billustrations;
_c27cm.
650 0 _932465
_aFear
_xTerrorism.
942 _2ddc
_cPER